| 000 | 00944cab a2200253 4500 | ||
|---|---|---|---|
| 001 | WB2516-20 | ||
| 008 | 090401t1989 xxu||||| |||| 00| 0 eng d | ||
| 035 | _a(Sirsi) u17036 | ||
| 041 | _aeng | ||
| 245 | _aClear approach to retail development urged | ||
| 260 | _c1989 | ||
| 350 | _a0 | ||
| 490 |
_aFinancial Times _v21/4/89 p26 |
||
| 490 |
_aTimes _v21/4/89 p28 (2) |
||
| 520 | _aReviews "The Changing City " the theme of which is property development in the City of London , practical planning and occupiers requirements . Also looks at a new paper from the Oxford Retail Group which calls for a regional approach to planning so that retail development may contribute to revival of inner cities . | ||
| 650 | _aDEGW | ||
| 650 | _aORBIT 3 | ||
| 650 | _aOUT OF TOWN | ||
| 650 | _aOXFORD INSTITUTE OF RETAIL MANAGEMENT | ||
| 650 | _aSHOPPING CENTRES | ||
| 690 | _aPLANNING LAW AND PRACTICE | ||
| 942 | _n0 | ||
| 948 | _c04/03/1997 | ||
| 999 |
_c11288 _d11288 |
||